000 01565 a2200229 4500
001 22721
005 20260407155517.0
008 260407a1999 arg spa d
003 AR-UNSa-BCEJYS
040 _aAR-UNSa-BCEJYS
_bspa
_cAR-UNSa-BCEJYS
080 _a336.233
_xTipos de contribución. Contribuciones a la Seguridad Social
245 1 0 _aProcedimiento tributario y de la seguridad social
_pley 11.683(t.o.1998).decreto reglamentario 1397/79.régimen penal tributario y previsional (ley 24.769)
020 _a950-14-1718-2
250 _a7a. ed
264 1 _aBuenos Aires :
_bDepalma
_c1999
300 _a893 p.
_c22 cm.
505 _a1. Disposiciones generales - 2. Sujetos de los deberes - 3. Determinación y percepción de impuestos - 4. Del pago - 5. Verificación y fiscalización - 6. Intereses, ilícitos y sanciones - 7. Responsables de las sanciones - 8. De la prescripción - 9. Procedimiento penal y contencioso-administrativo - 10. Procedimiento contencioso-judicial - 11. Juicio de ejecución fiscal - 12. Disposiciones varias - 13. Régimen especial de fiscalización.presunción de exactitud - 14. Cuenta de jerarquización - 15. Régimen de actualización - 16. De la organización y competencia de los tribunales fiscales y actuación ante ellos - 17. De las acciones y recursos - 18. De la sentencia del tribunal - 19. Disposiciones generales - 20. Régimen penal tributario y previsional.
942 _cBK
590 _aniveau_biblio:m niveau_hierar:0
100 1 _aNavarrine, Susana Camila
700 1 _aGiuliani Fonrouge, Carlos M.
999 _c1047
_d1047